| 000 | 00778cam a2200265 i 4500 | ||
|---|---|---|---|
| 001 | 15677 | ||
| 003 | DO-SdUEMH | ||
| 005 | 20260122165938.0 | ||
| 007 | ta | ||
| 008 | 211105s2012 dr a|||gr|||| 000 0 spa|d | ||
| 040 |
_aDO-SdUEMH _bspa _erda |
||
| 041 | _aspa | ||
| 082 | 1 | 4 |
_mRD _aRD 324.63 R426M _bR426m |
| 084 | _b13-00113 | ||
| 110 | _a República Dominicana: Junta Central Electoral (JCE) | ||
| 245 | 1 | 0 | _aMemorias para el período de gestión octubre 2010-diciembre 2012 / |
| 260 | _c2012 | ||
| 264 | 0 | 1 |
_aSanto Domingo : _bJunta Central Electoral, _c2012 |
| 300 |
_a171 paginas : _bilustraciones ; _c25 cm. |
||
| 336 |
_2rdacontent _atexto _btxt |
||
| 337 |
_2rdamedia _asin mediación _bn |
||
| 338 |
_2rdacarrier _avolumen _bnc |
||
| 942 |
_2ddc _cBK _n0 |
||
| 999 |
_c15677 _d15677 |
||